Central Library OPAC University of Rajshahi

The universal singular / (Record no. 23715)

MARC details
000 -LEADER
fixed length control field 00771cam a22002651 4500
001 - CONTROL NUMBER
control field 23715
003 - CONTROL NUMBER IDENTIFIER
rucl marc code BD-RjUL
005 - DATE AND TIME OF LATEST TRANSACTION
control field 20211209000949.0
008 - FIXED-LENGTH DATA ELEMENTS--GENERAL INFORMATION
fixed length control field 140311s1950 enk 000 0aeng d
035 ## - SYSTEM CONTROL NUMBER
System control number (BD-RjUL)23780
System control number (OCoLC)545985
040 ## - CATALOGING SOURCE
Original cataloging agency DLC
Transcribing agency OAU
Modifying agency OCoLC
-- ICarbS
-- DLC
-- BD-RjUL
Language of cataloging eng
041 1# - LANGUAGE CODE
Language code of text/sound track or separate title eng
Language code of original fre
082 00 - DEWEY DECIMAL CLASSIFICATION NUMBER
Classification number 849.91
Author mark and year EMU 1950
100 1# - MAIN ENTRY--PERSONAL NAME
Personal name Emmanuel, Pierre.
9 (RLIN) 73015
245 14 - TITLE STATEMENT
Title The universal singular /
Statement of responsibility, etc. translated from the French by Erik de Mauny.
260 ## - PUBLICATION, DISTRIBUTION, ETC. (IMPRINT)
Place of publication, distribution, etc. London :
Name of publisher, distributor, etc. Grey Walls Press,
Date of publication, distribution, etc. 1950
300 ## - PHYSICAL DESCRIPTION
Pagination 256 p. ;
Size 22 cm.
500 ## - GENERAL NOTE
General note Autobiography.
General note Translation of Qui est cet homme.
600 10 - SUBJECT ADDED ENTRY--PERSONAL NAME
Personal name Emmanuel, Pierre.
942 ## - ADDED ENTRY ELEMENTS (KOHA)
Source of classification or shelving scheme Dewey Decimal Classification
Koha item type Books
Holdings
Lost status Source of classification or shelving scheme Damaged status Not for loan Collection code Permanent Location Current Location Shelving location Date acquired Source of acquisition Cost, normal purchase price Total Checkouts Full call number Date last seen Copy number Koha item type
  Dewey Decimal Classification   Added to bundle Non-fiction Central Library, University of Rajshahi Central Library, University of Rajshahi Reading Room 10/09/1956 Golam Hossain 11.00   849.91 EMU 1950 11/03/2014 C-1 Books